000 00402nam a22001457a 4500
008 160317b xxu||||| |||| 00| 0 eng d
020 _a0198163039
100 _aCook, Nicholas
245 _aMusic imagination and culture
_cBy Nicholas Cook
260 _aUSA
_bOUP
_c1990
300 _a265p.
650 _aMusic
_vPhilosophy and aesthetics
650 _aMusic
_bpsychological aspects
942 _2lcc
_cBK
999 _c15805
_d15805